[Event "LVII C.to Italiano"]
[Site "Reggio nell'Emilia ITA"]
[Date "1998.01.03"]
[Round "8"]
[White "Efimov, Igor"]
[Black "Sarno, Spartaco"]
[Result "1-0"]
[WhiteElo "2540"]
[BlackElo "2400"]
[PlyCount "71"]
[EventDate "1997.12.26"]

1. e4 d6 2. d4 Nf6 3. Nc3 g6 4. Be3 Bg7 5. Qd2 O-O 6. f3 c6 7. O-O-O b5 8. Bh6
Bxh6 9. Qxh6 b4 10. Nce2 Qa5 11. Kb1 Be6 12. Nc1 Rc8 13. h4 Qd8 14. Nge2 Qf8
15. Qd2 a5 16. Nf4 Nbd7 17. h5 Qg7 18. g4 Nf8 19. g5 Ne8 20. hxg6 hxg6 21. Rh4
c5 22. d5 Bd7 23. Bc4 f6 24. Rg1 fxg5 25. Rxg5 Nf6 26. e5 N6h7 27. Rg1 Bf5 28.
e6 Qd4 29. Nxg6 Qxg1 30. Nxe7+ Kh8 31. Nxf5 Rc7 32. Rg4 Qh1 33. Qf4 Qe1 34.
Nxd6 a4 35. Nf7+ Rxf7 36. Qxf7 1-0

[Event "LVII C.to Italiano"]
[Site "Reggio nell'Emilia ITA"]
[Date "1998.01.03"]
[Round "8"]
[White "Godena, Michele"]
[Black "Lputian, Smbat G."]
[Result "0-1"]
[WhiteElo "2515"]
[BlackElo "2585"]
[PlyCount "59"]
[EventDate "1997.12.26"]

1. e4 e6 2. d4 d5 3. Nd2 c5 4. exd5 exd5 5. Ngf3 Nc6 6. Bb5 Bd6 7. dxc5 Bxc5 8.
O-O Nge7 9. Nb3 Bd6 10. h3 O-O 11. Bd3 h6 12. Be3 Bf5 13. c3 Re8 14. Re1 Bg6
15. Bxg6 Nxg6 16. Qd2 Nce5 17. Nxe5 Rxe5 18. Rad1 Qe7 19. Nd4 Bc5 20. Nc2 Bxe3
21. Nxe3 Re8 22. Nc2 Qh4 23. Rxe5 Rxe5 24. Qd4 Qg5 25. Ne3 Nf4 26. h4 Qf6 27.
Ng4 Qf5 28. Nxe5 Ne2+ 29. Kf1 Nxd4 30. cxd4 0-1

[Event "LVII C.to Italiano"]
[Site "Reggio nell'Emilia ITA"]
[Date "1998.01.04"]
[Round "9"]
[White "Lputian, Smbat G."]
[Black "Arlandi, Ennio"]
[Result "1/2-1/2"]
[WhiteElo "2585"]
[BlackElo "2470"]
[PlyCount "121"]
[EventDate "1997.12.26"]

1. Nf3 Nf6 2. c4 e6 3. g3 d5 4. Bg2 Be7 5. O-O O-O 6. d4 dxc4 7. Qc2 a6 8. a4
Bd7 9. Qxc4 Bc6 10. Bg5 a5 11. Nc3 Na6 12. Bxf6 Bxf6 13. e4 Nb4 14. Rfd1 b6 15.
h4 Bb7 16. Rd2 c6 17. Qe2 Ra7 18. Rad1 Ba6 19. Qe3 Bc4 20. Nb1 Ba6 21. Ne5 Qb8
22. Ng4 Be7 23. Nc3 Re8 24. b3 h6 25. Bf1 Bxf1 26. Kxf1 Bd6 27. Qf3 Rd8 28. Kg2
Rad7 29. Ne2 Qb7 30. Ne3 Na6 31. g4 Bb4 32. Rb2 e5 33. d5 Nc5 34. Ng3 Bc3 35.
Rbb1 Bd4 36. dxc6 Qxc6 37. Nef5 Ne6 38. Nh5 Bc5 39. Rxd7 Rxd7 40. Rf1 Rd2 41.
Kh2 Kf8 42. Qc3 Nd4 43. Nhg3 Bb4 44. Qe3 Qc3 45. Kh3 Rd3 46. Qc1 Nxb3 47. Qxc3
Bxc3 48. g5 hxg5 49. hxg5 g6 50. Ne3 Nc5 51. Kg4 Rd4 52. Nd5 Nxe4 53. Nxe4
Rxe4+ 54. Kf3 Re1 55. Rxe1 Bxe1 56. Ke2 Bb4 57. Nxb6 Ke7 58. Nd5+ Kd6 59. Nxb4
axb4 60. Kd3 Kc5 61. f3 Kd5 1/2-1/2

[Event "LVII C.to Italiano"]
[Site "Reggio nell'Emilia ITA"]
[Date "1998.01.04"]
[Round "9"]
[White "Mantovani, Renzo"]
[Black "Efimov, Igor"]
[Result "0-1"]
[WhiteElo "2375"]
[BlackElo "2540"]
[PlyCount "66"]
[EventDate "1997.12.26"]

1. e4 c5 2. Nf3 d6 3. d4 cxd4 4. Nxd4 Nf6 5. Nc3 Nc6 6. Bb5 Qb6 7. Nb3 e6 8.
Be3 Qc7 9. f4 a6 10. Bd3 b5 11. Qf3 Bb7 12. g4 b4 13. Na4 d5 14. Nb6 Rd8 15.
exd5 Ne7 16. Na5 Bxd5 17. Nxd5 Nexd5 18. Nc4 Bc5 19. Bxc5 Qxc5 20. g5 Nd7 21.
f5 O-O 22. fxe6 fxe6 23. Qh3 Qf2+ 24. Kd1 Nf4 25. Qxh7+ Kf7 26. Re1 Nc5 27.
Ne5+ Ke8 28. Qxg7 Ncxd3 29. cxd3 Qxb2 30. Rc1 Rxd3+ 31. Nxd3 Qxg7 32. Rc8+ Kd7
33. Rxf8 Qxf8 0-1

[Event "LVII C.to Italiano"]
[Site "Reggio nell'Emilia ITA"]
[Date "1998.01.04"]
[Round "9"]
[White "Sarno, Spartaco"]
[Black "Bellini, Fabio"]
[Result "0-1"]
[WhiteElo "2400"]
[BlackElo "2415"]
[PlyCount "74"]
[EventDate "1997.12.26"]

1. c4 g6 2. g3 Bg7 3. Bg2 e5 4. Nc3 Nc6 5. Rb1 a5 6. d3 f5 7. e3 Nf6 8. Nge2
O-O 9. O-O d6 10. b3 g5 11. f4 h6 12. Qd2 Qe8 13. Bb2 Bd7 14. Rbe1 Qh5 15. Nd5
Nxd5 16. cxd5 Ne7 17. Rc1 c6 18. fxe5 Bxe5 19. dxc6 Bxc6 20. Nd4 Bxd4 21. Bxd4
Rf7 22. Ba1 Kh7 23. Rc2 Bxg2 24. Qxg2 Raf8 25. Rcf2 d5 26. Bd4 Qg6 27. Bc5 Qe6
28. Qh3 Kg6 29. Re2 b6 30. Bd4 h5 31. Qg2 g4 32. Rc2 Nc6 33. Bxb6 Nb4 34. Bc5
Nxc2 35. Bxf8 Nxe3 36. Qd2 Rxf8 37. Re1 d4 0-1

[Event "LVII C.to Italiano"]
[Site "Reggio nell'Emilia ITA"]
[Date "1998.01.04"]
[Round "9"]
[White "Tatai, Stefano"]
[Black "Belotti, Bruno"]
[Result "1/2-1/2"]
[WhiteElo "2385"]
[BlackElo "2410"]
[PlyCount "27"]
[EventDate "1997.12.26"]

1. e4 c5 2. Nf3 d6 3. c3 Nf6 4. Be2 Nbd7 5. d3 b6 6. O-O Bb7 7. Re1 g6 8. Nbd2
Bg7 9. Bf1 Ne5 10. Nh4 Nc6 11. g3 O-O 12. f4 b5 13. Ndf3 b4 14. c4 1/2-1/2

[Event "LVII C.to Italiano"]
[Site "Reggio nell'Emilia ITA"]
[Date "1998.01.05"]
[Round "10"]
[White "Arlandi, Ennio"]
[Black "Komarov, Dimitri"]
[Result "0-1"]
[WhiteElo "2470"]
[BlackElo "2600"]
[PlyCount "54"]
[EventDate "1997.12.26"]

1. d4 Nf6 2. c4 e6 3. Nc3 Bb4 4. e3 O-O 5. Bd3 c5 6. Nf3 d5 7. O-O Nc6 8. a3
Bxc3 9. bxc3 Qc7 10. cxd5 exd5 11. a4 Re8 12. Ba3 c4 13. Bc2 Ne4 14. Bxe4 Rxe4
15. Nd2 Re8 16. Re1 Bf5 17. f3 Bd3 18. e4 Qa5 19. Bb2 Re6 20. e5 Nxe5 21. f4
Ng6 22. Rxe6 fxe6 23. g3 e5 24. fxe5 Nxe5 25. Qh5 Nf7 26. Re1 Qxa4 27. Qxd5 Re8
0-1

[Event "LVII C.to Italiano"]
[Site "Reggio nell'Emilia ITA"]
[Date "1998.01.05"]
[Round "10"]
[White "Belotti, Bruno"]
[Black "Sarno, Spartaco"]
[Result "1/2-1/2"]
[WhiteElo "2410"]
[BlackElo "2400"]
[PlyCount "21"]
[EventDate "1997.12.26"]

1. e4 d6 2. d4 Nf6 3. Nc3 g6 4. Nf3 Bg7 5. Be2 O-O 6. O-O Bg4 7. Be3 Nc6 8. Qd2
e5 9. d5 Ne7 10. Rad1 Bd7 11. h3 1/2-1/2

[Event "LVII C.to Italiano"]
[Site "Reggio nell'Emilia ITA"]
[Date "1998.01.05"]
[Round "10"]
[White "Efimov, Igor"]
[Black "Bellini, Fabio"]
[Result "1/2-1/2"]
[WhiteElo "2540"]
[BlackElo "2415"]
[PlyCount "73"]
[EventDate "1997.12.26"]

1. Nf3 d5 2. d4 Nf6 3. c4 e6 4. Nc3 Nbd7 5. e3 Be7 6. Qc2 O-O 7. Bd3 c5 8. b3
b6 9. O-O Bb7 10. cxd5 exd5 11. Bb2 Rc8 12. Qe2 Ne4 13. Rac1 Nxc3 14. Bxc3 Qc7
15. dxc5 bxc5 16. Rfd1 Rfe8 17. Ba6 Qb6 18. Bxb7 Qxb7 19. Qd3 Nb6 20. Qf5 Qc6
21. Qf4 h6 22. a4 Qe6 23. Qg3 Bf8 24. h4 d4 25. exd4 Qxb3 26. dxc5 Nxa4 27. Nd4
Nxc3 28. Nxb3 Ne2+ 29. Kh2 Nxg3 30. Kxg3 a5 31. Nxa5 Rxc5 32. Rxc5 Bxc5 33. Rd5
Be7 34. Nc6 Bf6 35. Nd4 Re5 36. Rd7 Ra5 37. Nf3 1/2-1/2

[Event "LVII C.to Italiano"]
[Site "Reggio nell'Emilia ITA"]
[Date "1998.01.05"]
[Round "10"]
[White "Godena, Michele"]
[Black "Romanishin, Oleg M."]
[Result "1/2-1/2"]
[WhiteElo "2515"]
[BlackElo "2550"]
[PlyCount "38"]
[EventDate "1997.12.26"]

1. e4 c5 2. c3 Qa5 3. Nf3 e6 4. Be2 d6 5. O-O Nf6 6. d3 Nc6 7. Nbd2 Be7 8. d4
Qc7 9. dxc5 dxc5 10. Qc2 O-O 11. a4 e5 12. Nc4 Be6 13. Bg5 Rfe8 14. Rfd1 h6 15.
Bxf6 Bxf6 16. Ne3 Na5 17. Nd5 Bxd5 18. Rxd5 c4 19. Rad1 Rad8 1/2-1/2

[Event "LVII C.to Italiano"]
[Site "Reggio nell'Emilia ITA"]
[Date "1998.01.05"]
[Round "10"]
[White "Mantovani, Renzo"]
[Black "Lputian, Smbat G."]
[Result "1/2-1/2"]
[WhiteElo "2375"]
[BlackElo "2585"]
[PlyCount "123"]
[EventDate "1997.12.26"]

1. e4 e6 2. d4 d5 3. exd5 exd5 4. Nf3 Bd6 5. Nc3 Ne7 6. Nb5 Bb4+ 7. c3 Ba5 8.
Bf4 O-O 9. Be2 Ng6 10. Bd2 c6 11. Na3 Nd7 12. O-O Nf6 13. Nc2 Re8 14. Re1 Ne4
15. Be3 Qd6 16. Nd2 f5 17. Nxe4 dxe4 18. Bc4+ Be6 19. Bxe6+ Rxe6 20. Qh5 Bc7
21. d5 Re5 22. Bd4 Rxd5 23. Ne3 Nf4 24. Qh4 Qg6 25. Qe7 Rc8 26. g3 b6 27. Kf1
Ne6 28. Nxd5 cxd5 29. Rad1 f4 30. gxf4 Qg4 31. f5 Nf4 32. Qxg7+ Qxg7 33. Bxg7
Kxg7 34. f3 exf3 35. Re7+ Kf6 36. Rxh7 Kxf5 37. Kf2 Be5 38. Kxf3 Ne6 39. Rf7+
Kg6 40. Rxa7 Rf8+ 41. Ke3 Bf4+ 42. Kd3 Rh8 43. Rh1 Rh3+ 44. Kc2 Kf6 45. a4 d4
46. cxd4 Nxd4+ 47. Kb1 Be3 48. Rc7 Bd2 49. Rd1 Rxh2 50. Rb7 Ke5 51. Rxb6 Kd5
52. Rb8 Nc6 53. Rc8 Kc5 54. Rg1 Rh6 55. Rg2 Rd6 56. Kc2 Bf4 57. Rg4 Rf6 58. Kd3
Kb6 59. Ke4 Bc7 60. Rcg8 Rf2 61. b3 Rb2 62. R4g5 1/2-1/2

[Event "LVII C.to Italiano"]
[Site "Reggio nell'Emilia ITA"]
[Date "1998.01.06"]
[Round "11"]
[White "Bellini, Fabio"]
[Black "Belotti, Bruno"]
[Result "0-1"]
[WhiteElo "2415"]
[BlackElo "2410"]
[PlyCount "108"]
[EventDate "1997.12.26"]

1. Nf3 d6 2. g3 g6 3. Bg2 Bg7 4. O-O Nf6 5. c4 O-O 6. Nc3 Nc6 7. Rb1 Bf5 8. d3
a5 9. h3 e5 10. e4 Be6 11. Be3 Nd7 12. b3 Nd4 13. Bxd4 exd4 14. Nb5 a4 15.
Nbxd4 axb3 16. axb3 Ne5 17. Ne1 Ra2 18. Ne2 c5 19. Nc1 Ra7 20. Nc2 Qb6 21. f4
Nc6 22. f5 Bd7 23. Qd2 Qd8 24. h4 Nd4 25. Nxd4 Bxd4+ 26. Kh1 Be5 27. Qh6 Qf6
28. Ne2 Qg7 29. Qxg7+ Kxg7 30. b4 Rfa8 31. bxc5 dxc5 32. Bh3 Bc6 33. Rf2 Ra1
34. Rbf1 Rxf1+ 35. Rxf1 Ra3 36. Nc1 Rc3 37. Kg2 Rc2+ 38. Kf3 Rh2 39. f6+ Bxf6
40. Bc8 Rc2 41. Ne2 Rb2 42. Ke3 h5 43. Rh1 Be5 44. Rh3 b5 45. cxb5 Bxb5 46. Rh1
Rb3 47. Nc1 Bd4+ 48. Kf3 Rb1 49. Kg2 Be3 50. Ne2 Rxh1 51. Kxh1 Bxd3 52. Nf4
Bxe4+ 53. Kh2 Bxf4 54. gxf4 c4 0-1

[Event "LVII C.to Italiano"]
[Site "Reggio nell'Emilia ITA"]
[Date "1998.01.06"]
[Round "11"]
[White "Romanishin, Oleg M."]
[Black "Arlandi, Ennio"]
[Result "1/2-1/2"]
[WhiteElo "2550"]
[BlackElo "2470"]
[PlyCount "47"]
[EventDate "1997.12.26"]

1. d4 Nf6 2. Nf3 e6 3. c4 Bb4+ 4. Bd2 c5 5. Bxb4 cxb4 6. e3 O-O 7. Be2 d6 8.
O-O Nc6 9. a3 bxa3 10. Rxa3 b6 11. Nc3 Nb4 12. Ne1 Bb7 13. Nd3 a5 14. Rb3 Nxd3
15. Bxd3 Rb8 16. Ra3 Qe7 17. Re1 e5 18. Bf1 Rfd8 19. e4 Nd7 20. d5 Bc8 21. Ne2
Nc5 22. Rg3 Rf8 23. Nc3 Bd7 24. Be2 1/2-1/2